[Event "Orsay Blitz op"]
[White "Chaumont Messe, Justin"]
[Black "Chakir, Amine"]
[Site "Europe Echecs INT"]
[Round "5"]
[Result "0-1"]
[Date "2023.09.17"]
[WhiteElo "1099"]
[BlackElo "1671"]
[PlyCount "66"]
[EventDate "2023.09.17"]
[EventType "swiss (blitz)"]
[EventRounds "11"]
[EventCountry "FRA"]
[SourceTitle "EXT 2025"]
[Source "ChessBase"]
[SourceDate "2024.10.14"]
[SourceVersion "1"]
[SourceVersionDate "2024.10.14"]
[SourceQuality "1"]

1. e4 d5 2. exd5 Nf6 3. Nf3 Nxd5 4. Bc4 e6 5. Nc3 Nxc3 6. bxc3 Nc6 7. Bb5 Bd7 8. Bxc6 Bxc6 9. Ne5 Be4 10. Qh5 Bg6 11. Nxg6 fxg6 12. Qb5+ Kf7 13. Qxb7 Bc5 14. d4 Bb6 15. 0-0 Qf6 16. Ba3 Rhb8 17. Qc6 Rd8 18. Rab1 Kg8 19. Rfe1 Re8 20. Re2 Rad8 21. Rbe1 e5 22. Rxe5 Qxc6 23. Rxe8+ Rxe8 24. Rxe8+ Qxe8 25. h3 Qe1+ 26. Kh2 Qd2 27. f4 Qxc2 28. d5 Qxc3 29. Be7 Qd4 30. d6 cxd6 31. Kh1 Qxf4 32. g3 Qf1+ 33. Kh2 Qg1# 0-1

[Event "Orsay Blitz op"]
[White "Chaumont Messe, Justin"]
[Black "Drevet, Pierre"]
[Site "Europe Echecs INT"]
[Round "3"]
[Result "1-0"]
[Date "2023.09.17"]
[WhiteElo "1099"]
[BlackElo "1709"]
[PlyCount "61"]
[EventDate "2023.09.17"]
[EventType "swiss (blitz)"]
[EventRounds "11"]
[EventCountry "FRA"]
[SourceTitle "EXT 2025"]
[Source "ChessBase"]
[SourceDate "2024.10.14"]
[SourceVersion "1"]
[SourceVersionDate "2024.10.14"]
[SourceQuality "1"]

1. e4 d5 2. exd5 Qxd5 3. Nc3 Qa5 4. Nf3 c6 5. d3 Bg4 6. Bd2 Nf6 7. Ne4 Qc7 8. Nxf6+ gxf6 9. h3 Bh5 10. Be2 Nd7 11. Nh2 Bg6 12. 0-0 e6 13. Bh5 0-0-0 14. Bxg6 hxg6 15. Ng4 Bd6 16. f3 g5 17. Bc3 Rh7 18. Bxf6 Nxf6 19. Nxf6 Rh4 20. Qe2 Be5 21. Ne4 Rg8 22. c3 f5 23. Nf2 g4 24. fxg4 fxg4 25. hxg4 Bh2+ 26. Kh1 Qf7 27. Nh3 Qc7 28. Qxe6+ Kb8 29. Qxg8+ Qc8 30. Rf8 Rh8 31. Rxc8# 1-0

[Event "Orsay Blitz op"]
[White "Miclon, Herve"]
[Black "Chaumont Messe, Justin"]
[Site "Europe Echecs INT"]
[Round "8"]
[Result "0-1"]
[Date "2023.09.17"]
[WhiteElo "1228"]
[BlackElo "1099"]
[PlyCount "72"]
[EventDate "2023.09.17"]
[EventType "swiss (blitz)"]
[EventRounds "11"]
[EventCountry "FRA"]
[SourceTitle "EXT 2025"]
[Source "ChessBase"]
[SourceDate "2024.10.14"]
[SourceVersion "1"]
[SourceVersionDate "2024.10.14"]
[SourceQuality "1"]

1. e4 e5 2. Nf3 Nc6 3. Bc4 Bc5 4. c3 Nf6 5. d4 exd4 6. cxd4 d5 7. exd5 Nxd4 8. Nxd4 Bb4+ 9. Nc3 Qe7+ 10. Be3 Ne4 11. 0-0 Nxc3 12. bxc3 Bxc3 13. Qb3 Bxa1 14. Rxa1 0-0 15. Nf3 Rb8 16. Bxa7 Ra8 17. Bd4 Bg4 18. Rb1 Bxf3 19. Qxf3 Rfe8 20. Bc3 Rxa2 21. Bxa2 h6 22. d6 cxd6 23. h3 Ra8 24. Re1 Qd7 25. Bd5 Ra3 26. Qg3 g6 27. Be4 Qc7 28. Bxg6 Rxc3 29. Bd3+ Kf8 30. Bh7 Rxg3 31. fxg3 Qc5+ 32. Kh2 Qf2 33. Rb1 d5 34. Rxb7 d4 35. Be4 Qe3 36. Bb1 d3 0-1